000
00224nam a2200097Ia 4500
001
795285
005
20250826170725.0
008
250824s9999 xx 000 0 und d
245
0
_a
TABU
_c
CASEY HILL
260
_b
PANAMA YAYINLARI
999
_c
795285
_d
795285